| 000 | 00581nam a2200205Ia 4500 | ||
|---|---|---|---|
| 001 | 11101 | ||
| 003 | IVS | ||
| 005 | 20250626030836.0 | ||
| 008 | 211022s9999 xx 000 0 und d | ||
| 040 | _cIVS | ||
| 082 | _a741.6 SAN | ||
| 100 | _aSanaa Nasir Khan | ||
| 245 | 0 | _aDoes attractive packaging or effective branding determine sales? | |
| 260 | _aKarachi | ||
| 260 | _bIndus Valley School of Art & Architecture | ||
| 260 | _c2013 | ||
| 300 | _a42 | ||
| 856 | _uhttps://drive.google.com/file/d/1XeyQJxsBvth7BxW_Uotjtt-bp9LOCGOD/view?usp=sharing | ||
| 942 |
_cDISS _n0 _2ddc |
||
| 999 |
_c12789 _d12789 |
||